Marcatori dei Paesi Bassi agli Europei - Germania 2024 - Statistics

Statistiche generali
  • Questo quiz è stato fatto 6 volte
    4 dall'ultimo reset
  • Il punteggio medio è 5 su 9
Statistiche sulle risposte
Partita Minuto Marcatore % Corretto
Olanda - Austria 2-3 75' Memphis Depay
100%
Polonia - Paesi Bassi 1-2 29' Cody Gakpo
75%
Olanda - Austria 2-3 47' Cody Gakpo
75%
Romania - Paesi Bassi 0-3 20' Cody Gakpo
75%
Paesi Bassi - Turchia 2-1 70' Stefan de Vrij
50%
Polonia - Paesi Bassi 1-2 83' Wout Weghorst
50%
Paesi Bassi - Inghilterra 1-2 7' Xavi Simons
50%
Romania - Paesi Bassi 0-3 83' Donyell Malen
25%
Romania - Paesi Bassi 0-3 93' Donyell Malen
25%
Nessun quiz corrispondente trovato
Distribuzione punteggi
Percentuale di utenti per punteggio
Percentile per numero di risposta
I tuoi punteggi nel tempo
Non hai fatto questo quiz dall'ultimo reset